| 000 | 00315nam a22001097a 4500 | ||
|---|---|---|---|
| 082 |
_a625.7 _bHEA _cD |
||
| 100 |
_aDowling J W F _943605 |
||
| 245 | _aExamples of the use of terrestriaal photogrammetry in highway engineering | ||
| 300 |
_a7P.: _bill.; |
||
| 526 |
_a0 _b0 _c0 _d625_700000000000000_HEA |
||
| 942 |
_2ddc _cBK |
||
| 999 |
_c547404 _d547404 |
||